000 00656nam a2200241Ia 4500
003 OSt
005 20221007075616.0
006 a|||||r|||| 00| 0
007 ta
008 221006b |||||||| |||| 00| 0 eng d
024 _a613
037 _cReference Collections
040 _aFLL
_cFLL
_beng
041 _2eng
_aeng
082 _aV1N4,31:3.N7, L9
100 _aBatra T. S.
245 0 _aSecurity council and veto
260 _aNew Delhi
_bMetropolitan Book Co. Pvt. Ltd. India
_c1979
300 _a360p
_ccm.
650 _aLaw
942 _hV1N4,31:3.N7, L9
_cREF
_2CC
999 _c1156721
_d1156721